| 000 | 00428nam a2200145Ia 4500 | ||
|---|---|---|---|
| 008 | 180901s9999 xx 000 0 und d | ||
| 020 | _a9780323485630 | ||
| 100 | _aChong,Vincent. | ||
| 245 |
_cVincent Chong.-- _aSkull base imaging / |
||
| 260 |
_aUSA : _bElsevier _c2018 |
||
| 300 |
_axi, 410 pages : _billustrations. |
||
| 500 | _aIncludes index. | ||
| 650 | _aMEDICAL / Surgery / General. | ||
| 650 | _aSkull base -- Imaging. | ||
| 999 |
_c358520 _d358520 |
||